000 00335nam a22001457a 4500
008 221117b ||||| |||| 00| 0 eng d
020 _a9781259450051
041 _aeng
080 _2FIFTEENTH EDITION
_a610.73
082 _a610.73PRE
100 _a8
101 _aINF
245 _aATHLETIC TRAINING
_cPRENTICE W
942 _2udc
_cBK
999 _c58919
_d58919